000 01097nam a2200289Ia 4500
003 OSt
005 20221005110922.0
006 a|||||r|||| 00| 0
007 ta
008 221004b |||||||| |||| 00| 0 hin d
020 _a9788171788798 (hbk)
_c200
024 _a13586
037 _bBR8177, 20/03/2014, Rajkamal Prakashan Pvt. Ltd.
_cTextual
040 _aCRL
_cCRL
_bhin
041 _2hin
_ahin
082 _aO157,3NRA3,SK, 152L5;Q3
100 _aराय, सत्यजित
245 0 _aसोने का किला
246 _aSone kā kilā
250 _a3 संस्करण
260 _aनई दिल्ली
_bराजकमल प्रकाशन भारत
_c2013
300 _a119पृ0
_ccm.
650 _aहिन्दी साहित्य
700 _a थानवी, रमेश, अनु.
942 _hO157,3NRA3,SK, 152L5;Q3
_cTEXL
_2cc
999 _c1020269
_d1020269